000 00694cas a22002415a 4500
001 ##L98772
008 070704c1984 xxcqr p 0 a0eng
022 1 _a0827-2697
035 _a(Sirsi) u98772
041 0 _aeng
110 2 _aAppraisal Institute of Canada
_9829
245 0 0 _aCanadian Appraiser
260 _aOttowa
_bAIC
_c1984-2008
362 _a28(1) Spring 1984-52(1) 2008
520 _aChanged name to Canadian property valuation (L145397).
554 _aFour per year
651 4 _aCanada
690 _aPROPERTY-PROPERTY APPRAISAL AND VALUATION
780 0 0 _tAppraisal Institute Magazine
785 0 0 _tCanadian property valuation
942 _n0
948 _c09/03/1994
999 _c118519
_d118519